书目信息 |
| 题名: |
量子力学
|
|
| 作者: | 曾谨言 著 | |
| 分册: | 卷Ⅰ | |
| 出版信息: | 北京 科学出版社 2000.01 |
|
| 页数: | 767页 | |
| 开本: | 20cm | |
| 丛书名: | 现代物理学丛书 | |
| 单 册: | ||
| 中图分类: | O413.1 | |
| 科图分类: | ||
| 主题词: | 量子力学 | |
| 电子资源: | ||
| ISBN: | 7-03-007437-8 | |
| 000 | 00605nam2 2200229 45 | |
| 001 | 0102270890 | |
| 005 | 20041118103252.5 | |
| 010 | @a7-03-007437-8@b精装@dCNY48.00 | |
| 100 | @a20010227d2000 km y0chiy0120 ea | |
| 101 | 0 | @achi |
| 105 | @a z 000yy | |
| 200 | 1 | @a量子力学@h卷Ⅰ@ALiang Zi Li Xue@f曾谨言著@FCeng Jin Yan Zhu |
| 205 | @a3版 | |
| 210 | @a北京@c科学出版社@d2000.01 | |
| 215 | @a767页@d20cm | |
| 225 | @a现代物理学丛书 | |
| 410 | @12001 @a现代物理学丛书 | |
| 606 | 0 | @a量子力学 |
| 690 | @aO413.1@v3 | |
| 701 | 0 | @a曾谨言@4著 |
| 801 | @aCN@bTSTC@c20010227 | |
| 905 | @dO413.1@e1:1=3 | |
| 量子力学.卷Ⅰ/曾谨言著.-3版.-北京:科学出版社,2000.01 |
| 767页;20cm.-(现代物理学丛书) |
| ISBN 7-03-007437-8(精装):CNY48.00 |
| ● |
| 相关链接 |
|
|
|
|
正题名:量子力学
索取号:O413.1/1:1=3
 
预约/预借
| 序号 | 登录号 | 条形码 | 馆藏地/架位号 | 状态 | 备注 |
| 1 | 0294957 | 002949572 | 密集书库/ [索取号:O413.1/1:1=3] | 在馆 | |
| 2 | 0294958 | 002949581 | 密集书库/ [索取号:O413.1/1:1=3] | 在馆 | |
| 3 | 0294959 | 002949590 | 第三借阅区/ [索取号:O413.1/1:1=3] | 在馆 | |
| 4 | 0294960 | 002949607 | 第三借阅区/ [索取号:O413.1/1:1=3] | 在馆 | |
| 5 | 0294961 | 002949616 | 第三借阅区/ [索取号:O413.1/1:1=3] | 在馆 | |
| 6 | 0296218 | 002962182 | 第三借阅区/ [索取号:O413.1/1:1=3] | 在馆 | |
| 7 | 0296219 | 002962191 | 密集书库/ [索取号:O413.1/1:1=3] | 在馆 | |
| 8 | 0296220 | 002962208 | 密集书库/ [索取号:O413.1/1:1=3] | 在馆 | |
| 9 | 0296221 | 002962217 | 第三借阅区/ [索取号:O413.1/1:1=3] | 在馆 | |
| 10 | 0296222 | 002962226 | 第二样本阅览室/ [索取号:O413.1/1:1=3] | 在馆 |